|
|
|
|
| LEADER |
00766nam a22001937a 4500 |
| 008 |
160730b xxu||||| |||| 00| 0 eng d |
| 999 |
|
|
|c 112400
|d 112400
|
| 082 |
|
|
|a 372.47
|
| 100 |
|
|
|a Sreebha, T
|
| 245 |
|
|
|a Relationship between reading comprehension and scholastic achievement among secondary school students /
|c Sreebha, T
|
| 260 |
|
|
|c 2013.
|
| 300 |
|
|
|a 144p
|c 29cm.
|
| 502 |
|
|
|a Thesis (M Ed.)--A W H College of Education ,University of Calicut, 2013.
|
| 504 |
|
|
|a Includes bibliographical references (p. 134).
|
| 650 |
|
|
|a Education-Secondary
|
| 650 |
|
|
|a Reading comprehension
|
| 796 |
|
|
|c Dr.
|e Thesis advisor.
|a Rajeev, K P R
|
| 942 |
|
|
|c PD
|
| 952 |
|
|
|0 0
|1 0
|4 0
|6 372_470000000000000_SRE_R
|7 0
|9 118375
|a UL
|b UL
|c REF
|d 2016-07-30
|l 0
|o 372.47 SRE/R
|p NB6557
|r 2016-07-30
|y PD
|